LEADER 02102nam a2200469 u 4500 001 000000135853 003 CaOOAMICUS 005 20131021124247.0 008 131021s2012 it af u000 u ita r 020 $a978-88-7016-909-6 040 $aPUL$bita 041 1 $aita$alat$hlat 082 04$a284.1 100 1 $aLuther, Martin,$d1483-1546.$0(OLS)http://pul/name/1508 240 10$aResolutiones disputationum de indulgentiarum virtute.$lItaliano e latino.$0(OLS)http://pul/title/171754 245 13$aLe Resolutiones :$bcommento alle 95 tesi (1518) /$cMartin Lutero ; versione dal latino di Angelo Alimonta e Paolo Ricca ; introduzione e note di Paolo Ricca. 260 $aTorino :$bClaudiana,$cc2012. 300 $a479 p., [4] c. di tav. :$bill. ;$c21 cm. 490 1 $aOpere scelte ;$v14 500 $aInclude indici. 504 $aBibliografia in nota. 546 $aTesto latino a fronte. 700 1 $aRicca, Paolo.$0(OLS)http://pul/name/25701 700 1 $aAlimonta, Angelo.$0(OLS)http://pul/name/87456 800 1 $aLuther, Martin,$d1483-1546.$tOpere scelte ;$v14.$0(OLS)http://pul/nameTitle/835$0(OLS)http://pul/name/1508$0(OLS)http://pul/title/139355 850 $aPUL 852 $aPUL$W1$xSL Religione 3$y85$m284. 1 LUTMA 1.14$j129861$qDDC 21$B156018$CPULBib$Z2$F156018 $H123055 $82 900 $aLuter, Martin,$d1483-1546$91508 900 $aMartin Lutero,$d1483-1546$91508 900 $aLutero, Martino,$d1483-1546$91508 900 $aLuter, Martin,$d1483-1546$91508 900 $aMartin Lutero,$d1483-1546$91508 900 $aLutero, Martino,$d1483-1546$91508 900 $aLuter, Martin,$d1483-1546$91508 900 $aMartin Lutero,$d1483-1546$91508 900 $aLutero, Martino,$d1483-1546$91508 941 1 $a9 996 $6020$a978-88-7016-909-6$9(OLS)http://pul/number/153764 996 $6082$a284.1$9(OLS)http://pul/classification/2568 996 $6245$aLe Resolutiones :$bcommento alle 95 tesi (1518)$9(OLS)http://pul/title/171755 996 $6260$aTorino :$bClaudiana$9(OLS)http://pul/publisher/48072 LEADER 01463nam a2200325 a 4500 001 000000155123 003 CaOOAMICUS 005 20161017120118.0 008 161017s2016 it u000 u ita r 020 $a978-88-6227-837-9* 032 $aLibriCat 040 $aPUL$bita 082 04$a223 100 1 $aLomiento, Vincenzo.$0(OLS)http://pul/name/93265 245 10$aAmatorium drama : $bil "Cantico dei cantici" nel commento di Origene /$cVincenzo Lomiento. 260 $aPisa ; Roma :$bFabrizio Serra editore,$c2016. 300 $a187 p. ;$c25 cm. 490 1 $aQuaderni della "Rivista di cultura classica e medioevale" ;$v15 504 $aBibliografia in nota. 630 04$aBiblia.$pV.T.$pCanticum canticorum$xCommenti.$0(OLS)http://pul/subject/6701 700 1 $aRufo, Fabrizio.$0(OLS)http://pul/name/79093 830 0$aQuaderni della "Rivista di cultura classica e medioevale" ;$v15.$0(OLS)http://pul/title/194760 850 $aPUL 852 $aPUL$W1$xDP2 Religione 3$y114$m223 LOMVI 1$j178180$qDDC 21$B181398$CPULBib$Z2$F181398 $H128194 $81 941 1 $a9 996 $6020$a978-88-6227-837-9*$9(OLS)http://pul/number/161308 996 $6082$a223$9(OLS)http://pul/classification/504 996 $6245$aAmatorium drama : $bil "Cantico dei cantici" nel commento di Origene$9(OLS)http://pul/title/194759 996 $6260$aPisa ; Roma :$bFabrizio Serra editore$9(OLS)http://pul/publisher/79401